000 00439nam a2200181Ia 4500
001 19796
005 20260306172719.0
008 260306t2017||||xx |||||||||||||| ||spa||
041 _aESP
082 _a341.1
_bI81
100 _aIsler Soto, Carlos
_eAUT
245 0 _aEl iusnaturalismo egoísta de Thomas Hobbes
260 _c2017
300 _a246 páginas :
_c23 cm.
650 _aGEN
654 _aCDE
942 _cLIB
_dJUS
_fJUS
_2ddc
_n
999 _c19796
_d19796